000
00461nam a2200145Ia 4500
008
090124s9999 xx 000 0 und d
082
_b
33752
245
_a
मन सर्व शक्तीचे आगार
250
_a
1
260
_b
सावजी संजीव
_c
2006
300
_a
104
630
_a
मन सर्व शक्तीचे आगार
730
_a
मन सर्व शक्तीचे आगार
942
_c
BOOK
999
_c
188619
_d
188619